Medzinárodné investície a ich ochrana dizertačná práca

Guardado en:
Detalles Bibliográficos
Autor principal: Budjač, Milan
Autor Corporativo: Fakulta medzinárodných vzťahov EU. Katedra medzinárodného práva
Otros Autores: Mráz, Stanislav
Formato: Libro
Lenguaje:eslovaco
Publicado: Bratislava 2009
Materias:
Etiquetas: Agregar Etiqueta
Sin Etiquetas, Sea el primero en etiquetar este registro!

MARC

LEADER 00000nam$a2200000$$$4500
001 0107809
005 20240502072205.3
041 0 |a slo 
044 |a SK 
245 1 0 |a Medzinárodné investície a ich ochrana  |b dizertačná práca  |c Milan Budjač ; škol. Stanislav Mráz 
264 1 |a Bratislava  |c 2009 
300 |a 211 s. 
610 2 0 |a investície priame zahraničné 
610 2 0 |a investície zahraničné 
610 2 0 |a zmluvy medzinárodné 
610 2 0 |a zmluvy zahraničnoobchodné 
610 2 0 |a ochrana investícií 
100 1 |a Budjač, Milan 
700 1 |a Mráz, Stanislav 
710 2 |a Fakulta medzinárodných vzťahov EU. Katedra medzinárodného práva